000 00684nam a2200253Ia 4500
003 OSt
005 20221007112951.0
006 a|||||r|||| 00| 0
007 ta
008 221006b |||||||| |||| 00| 0 eng d
024 _a29,846
037 _cTextual
040 _aLCO
_cLCO
_beng
041 _2eng
_aeng
082 _aZ2,315, Q1
100 _aBangia R.K.
_9439545
245 0 _aIndian Partnership Act,1932 With Limited Liability Partnership Act,2008
250 _a12th
260 _aFaridabad
_bAllahabad Law Agency India
_c2011
300 _a240
650 _aPARTNERSHIP
942 _hZ2,315, Q1
_cTEXL
999 _c1199409
_d1199409